Hindī meṃ prayukta Saṃskr̥ta śabdoṃ meṃ artha parivartana. (Record no. 62928)

MARC details
000 -LEADER
fixed length control field 00815cam a22002651 4500
001 - CONTROL NUMBER
control field sa 65003027
003 - CONTROL NUMBER IDENTIFIER
control field DLC
005 - DATE AND TIME OF LATEST TRANSACTION
control field 20260227112120.0
008 - FIXED-LENGTH DATA ELEMENTS--GENERAL INFORMATION
fixed length control field 840613s1964 ii b 000 0 hino
010 ## - LIBRARY OF CONGRESS CONTROL NUMBER
LC control number sa 65003027
025 ## - OVERSEAS ACQUISITION NUMBER
Overseas acquisition number PL480:I-H-1998
035 ## - SYSTEM CONTROL NUMBER
System control number (OCoLC)21725880
040 ## - CATALOGING SOURCE
Original cataloging agency DLC
Transcribing agency CU
Modifying agency DLC
042 ## - AUTHENTICATION CODE
Authentication code premarc
050 00 - LIBRARY OF CONGRESS CALL NUMBER
Classification number PK1939
Item number .P28
100 1# - MAIN ENTRY--PERSONAL NAME
Personal name Pal, Keshav Ram.
245 10 - TITLE STATEMENT
Title Hindī meṃ prayukta Saṃskr̥ta śabdoṃ meṃ artha parivartana.
Statement of responsibility, etc. [Lekhaka] Keśavarāma Pāla.
250 ## - EDITION STATEMENT
Edition statement [1. saṃskaraṇa]
260 ## - PUBLICATION, DISTRIBUTION, ETC.
Place of publication, distribution, etc. Meraṭha,
Name of publisher, distributor, etc. Prācī Prakāśana
Date of publication, distribution, etc. [1964]
300 ## - PHYSICAL DESCRIPTION
Extent xv, 398 p.
Dimensions 22 cm.
500 ## - GENERAL NOTE
General note In Hindi.
500 ## - GENERAL NOTE
General note A revision of the author's thesis, Agra University.
504 ## - BIBLIOGRAPHY, ETC. NOTE
Bibliography, etc. note Bibliography: p. [389]-391.
650 #0 - SUBJECT ADDED ENTRY--TOPICAL TERM
Topical term or geographic name entry element Hindi language
General subdivision Words
-- History.

No items available.

Powered by Koha